Def Leppard Studio Albums - Statistics

General Stats
  • This quiz has been taken 55 times
  • The average score is 8 of 12
Answer Stats
Year Album % Correct
1987 Hysteria
100%
1983 Pyromania
92%
1981 High 'n' Dry
87%
1980 On Through the Night
85%
1992 Adrenalize
72%
2015 Def Leppard
69%
1996 Slang
67%
2002 X
62%
2022 Diamond Star Halos
46%
1999 Euphoria
46%
2006 Yeah!
44%
2008 Songs from the Sparkle Lounge
36%
No matching quizzes found
Score Distribution
Percent of People with Each Score
Percentile by Number Answered
Your Score History
You have not taken this quiz